| 000 | 01079nam a2200313 a 4500 | ||
|---|---|---|---|
| 001 | 000037876 | ||
| 003 | DO-SdBPM | ||
| 005 | 20260520070502.0 | ||
| 007 | ta | ||
| 008 | 130307s2007 dr ac 001 0 spa d | ||
| 040 |
_aDO-SdBPM _bspa _cBPMSU _drda |
||
| 082 | 0 | 4 |
_a320.1 _bV476e 2007 _222 |
| 100 | 1 |
_aVeras Aybar, Ángel _eautor _4aut. |
|
| 245 | 1 | 0 |
_aEstado : _baparición, fusión y extinción / _cÁngel Veras Aybar ; prólogo Santiago Castro Ventura. |
| 264 |
_aSanto Domingo : _bVeras Aybar y Asociados, _c2007. |
||
| 300 |
_a267 páginas : _bilustración , retratos. ; _c22 cm. |
||
| 336 |
_atexto _btxt _2rdacontent |
||
| 337 |
_asin mediación _bn _2rdamedia |
||
| 338 |
_avolumen _bnc _2rdacarrier |
||
| 500 | _aIncluye datos biográficos del autor en la contracubierta. | ||
| 504 | _aBibliografía: páginas 259-267. | ||
| 590 | _aInventariado,2026/VM | ||
| 650 | 7 | _aEstado | |
| 650 | 7 | _aCiencia política | |
| 650 | 7 | _a Pensamiento político | |
| 700 | 1 |
_aCastro Ventura, Santiago _eprólogo |
|
| 910 | _aVMateo V. Control de calidad BPMSU | ||
| 942 |
_2ddc _cBK |
||
| 999 |
_c15854 _d15854 |
||